| Tag |
First Indicator |
Second Indicator |
Subfields |
| LEADER |
00000cam a2200000 i 4500 |
| 001 |
in00000049242 |
| 005 |
20151007065730.0 |
| 008 |
800312s1979 nju b 00110 eng |
| 010 |
|
|
|a 79084013
|
| 020 |
|
|
|a 0691072361 :
|c $20.00
|
| 035 |
|
|
|a (OCoLC)05886457
|
| 035 |
|
|
|9 AAE2564AM
|
| 040 |
|
|
|a DLC
|c DLC
|d TXA
|d UtOrBLW
|
| 049 |
|
|
|a TXAM
|
| 050 |
0 |
0 |
|a B53
|b .R68
|
| 082 |
0 |
|
|a 190
|
| 100 |
1 |
|
|a Rorty, Richard.
|
| 245 |
1 |
0 |
|a Philosophy and the mirror of nature /
|c Richard Rorty.
|
| 264 |
|
1 |
|a Princeton :
|b Princeton University Press,
|c [1979]
|
| 264 |
|
4 |
|c ©1979
|
| 300 |
|
|
|a xv, 401 pages ;
|c 22 cm.
|
| 336 |
|
|
|a text
|b txt
|2 rdacontent
|
| 337 |
|
|
|a unmediated
|b n
|2 rdamedia
|
| 338 |
|
|
|a volume
|b nc
|2 rdacarrier
|
| 504 |
|
|
|a Includes bibliographical references and index.
|
| 650 |
|
0 |
|a Philosophy.
|
| 650 |
|
0 |
|a Philosophy, Modern.
|
| 650 |
|
0 |
|a Mind and body.
|
| 650 |
|
0 |
|a Representation (Philosophy)
|
| 650 |
|
0 |
|a Analysis (Philosophy)
|
| 650 |
|
0 |
|a Civilization
|x Philosophy.
|
| 999 |
|
|
|a MARS
|
| 999 |
f |
f |
|s df6c5406-bff3-3775-8fbf-838f7f77d61a
|i 801edad1-512b-3cff-b17a-b505dc6ce358
|t 0
|
| 952 |
f |
f |
|p normal
|a Texas A&M University
|b College Station
|c Sterling C. Evans Library
|d Evans: Library Stacks
|t 0
|e B53 .R68
|h Library of Congress classification
|i unmediated -- volume
|m A14807259411
|
| 998 |
f |
f |
|a B53 .R68
|t 0
|l Evans: Library Stacks
|